[Event "77th Noteboom Open"]
[Site "masterchessopen.com Leiden NED"]
[Date "2017.02.25"]
[Round "4.4"]
[White "Admiraal,M"]
[Black "Van Assendelft,F"]
[Result "0-1"]
[WhiteElo "2441"]
[BlackElo "2329"]

1.e4 c5 2.Nf3 e6 3.d4 cxd4 4.Nxd4 a6 5.c4 Nf6 6.Nc3 Qc7 7.a3 b6 8.Be3 Bb7 9.f3
Be7 10.Be2 O-O 11.g4 d6 12.g5 Nfd7 13.h4 Nc6 14.Nxc6 Bxc6 15.Qd2 f5 16.gxf6
Bxf6 17.O-O-O Be5 18.Rhg1 Nc5 19.Kb1 b5 20.Rg5 Rad8 21.cxb5 axb5 22.Qc2 Bf6
23.e5 Bxg5 24.exd6 Rxd6 25.Bxc5 Rxd1+ 26.Nxd1 Rf5 27.Bb4 Bxh4 28.Bd3 Rh5 29.f4
Bf6 30.f5 Qd7 31.Nf2 exf5 32.Qc5 h6 33.Bc2 Qd5 34.Qe3 Kh7 35.Bb3 Qd4 36.Qe2
Rh2 37.Bc5 Qxc5 38.Qe6 Qxf2 39.Qg8+ Kg6 40.Qf7+ Kg5 41.Qxg7+ Bxg7 42.Bd5 Qxb2#
0-1

[Event "33rd Cappelle Open 2017"]
[Site "masterchessopen.com Cappelle la Grande FRA"]
[Date "2017.02.25"]
[Round "9.3"]
[White "Cappon,J"]
[Black "Bianchi,Guilla"]
[Result "1-0"]
[WhiteElo "2219"]
[BlackElo "2113"]

1.e4 c5 2.c3 g6 3.d4 cxd4 4.cxd4 d5 5.e5 Nc6 6.Nc3 Bg7 7.Bb5 Nh6 8.h3 O-O
9.Nf3 f6 10.O-O Nf7 11.exf6 Bxf6 12.Re1 e6 13.Bxc6 bxc6 14.Bf4 Nd6 15.Bxd6
Qxd6 16.Rc1 Rb8 17.Na4 Rb4 18.a3 Rb7 19.Ne5 Rc7 20.Nc5 Bg5 21.Rc2 Rf5 22.Rce2
Bh6 23.Qd3 Bg7 24.g3 Re7 25.h4 Rc7 26.f4 Re7 27.Qd2 Rf8 28.Re3 Rf5 29.Qb4 Bf8
30.Qd2 Bg7 31.b4 Rf8 32.Rc1 Rc7 33.Qe1 Rf5 34.Kg2 Rf8 35.Qe2 Re8 36.Rec3 Rf8
37.Nb3 Bb7 38.Na5 Ba8 39.Naxc6 {#r} 1-0

[Event "33rd Cappelle Open 2017"]
[Site "masterchessopen.com Cappelle la Grande FRA"]
[Date "2017.02.25"]
[Round "9.4"]
[White "Medghoul,S"]
[Black "Albets Armengol,R"]
[Result "1-0"]
[WhiteElo "2138"]
[BlackElo "2209"]

1.d4 d6 2.Nf3 g6 3.c4 Bg7 4.e4 e5 5.Be2 Nc6 6.Be3 Bg4 7.d5 Bxf3 8.Bxf3 Nd4
9.Nd2 Ne7 10.Nb3 Nxf3+ 11.Qxf3 f5 12.Qe2 fxe4 13.Bg5 O-O 14.Bxe7 Qxe7 15.Nd2
e3 16.Qxe3 e4 17.O-O Rae8 18.Rae1 c5 19.Nxe4 Bxb2 20.Qg3 Be5 21.f4 Bd4+ 22.Kh1
Qd7 23.Ng5 Rxe1 24.Rxe1 Qf5 25.Qh4 h5 26.Ne6 Bf6 27.Qg3 Re8 28.Qa3 a6 29.Qb3
Qxf4 30.Rb1 Qe4 31.Qxb7 Re7 32.Qb8+ Kh7 33.h3 Qxc4 34.Qxd6 Qe4 35.Rf1 Qe5
36.Nf8+ Kg7 37.Qxa6 Rf7 38.Ne6+ Kh6 39.Qc4 Rd7 40.Rd1 Qxe6 41.Qc1+ Bg5 42.dxe6
{#r} 1-0

[Event "33rd Cappelle Open 2017"]
[Site "masterchessopen.com Cappelle la Grande FRA"]
[Date "2017.02.25"]
[Round "9.8"]
[White "Szylar,E"]
[Black "Feryn,B"]
[Result "0-1"]
[WhiteElo "2026"]
[BlackElo "2141"]

1.e4 e5 2.Nc3 Nc6 3.Bc4 Bc5 4.d3 d6 5.Na4 Bb6 6.Nxb6 axb6 7.a3 Nf6 8.Ne2 d5
9.exd5 Nxd5 10.O-O Bg4 11.f3 Bh5 12.d4 exd4 13.Nxd4 O-O 14.Nb5 Nce7 15.Bxd5
Nxd5 16.c4 Nf6 17.Bg5 c6 18.Nd6 h6 19.Bh4 Bg6 20.Re1 b5 21.c5 b6 22.b4 bxc5
23.bxc5 Ra4 24.g4 Bh7 25.Qd2 g5 26.Bxg5 hxg5 27.Qxg5+ Bg6 28.h4 Nh7 29.Qh6 Qf6
30.Ne8 Qd4+ 31.Kg2 Rc4 32.h5 Rc2+ 33.Kg3 Qf2+ 34.Kf4 Rc4+ {#R} 0-1

[Event "3rd Vardaris Open 2017"]
[Site "masterchessopen.com Thessaloniki GRE"]
[Date "2017.02.25"]
[Round "3.4"]
[White "Ladopoulos,D"]
[Black "Antic,De"]
[Result "1-0"]
[WhiteElo "2075"]
[BlackElo "2471"]

1.e3 Nf6 2.Nf3 g6 3.d4 Bg7 4.b3 O-O 5.Bb2 d6 6.Be2 e5 7.c4 e4 8.Nfd2 c6 9.Nc3
Re8 10.O-O h5 11.b4 Bf5 12.b5 Nbd7 13.bxc6 bxc6 14.Qa4 Qc7 15.Rfc1 Nf8 16.Ba3
N8h7 17.Rab1 Rab8 18.d5 c5 19.Rxb8 Rxb8 20.Nb5 Bd7 21.Rb1 Qd8 22.Qa6 Bxb5
23.Rxb5 Nf8 24.Bb2 Rxb5 25.cxb5 N8d7 26.Qxa7 Nxd5 27.Bxg7 Kxg7 28.Nxe4 Qe7
29.Bf3 Qe5 30.g3 N5b6 31.Qc7 c4 32.Qxd6 Qxd6 33.Nxd6 c3 34.Bd1 Nc5 35.Kf1 Kf8
36.Bc2 f5 37.e4 Ke7 38.e5 Ke6 39.f4 Nd5 40.Ke2 Nb4 41.Bb3+ Kd7 42.b6 {#r} 1-0

[Event "3rd Vardaris Open 2017"]
[Site "masterchessopen.com Thessaloniki GRE"]
[Date "2017.02.25"]
[Round "3.5"]
[White "Theodoulidis,T"]
[Black "Nasuta,G"]
[Result "0-1"]
[WhiteElo "2070"]
[BlackElo "2455"]

1.e4 c5 2.Nf3 d6 3.d4 cxd4 4.Nxd4 Nf6 5.Nc3 a6 6.Be3 e6 7.Be2 Qc7 8.O-O b5
9.a3 Bb7 10.Bf3 Nbd7 11.Qe2 Ne5 12.Rad1 Be7 13.Rfe1 O-O 14.h3 Rac8 15.Bc1 Rfd8
16.Bg4 Nfxg4 17.hxg4 h6 18.f4 Nc4 19.f5 e5 20.Nf3 Nxa3 21.g5 hxg5 22.Nxg5 Bxg5
23.Bxg5 f6 24.Bxf6 Rd7 25.Bh4 b4 26.f6 Nxc2 27.Qxc2 bxc3 28.bxc3 gxf6 29.Bxf6
Qc5+ 30.Kh2 Rh7+ 31.Kg3 Qxc3+ 32.Qxc3 Rxc3+ 33.Kf2 Rf7 34.Rxd6 Rc6 35.Rd8+ Kh7
36.Rh1+ Kg6 {#R} 0-1

[Event "3rd Vardaris Open 2017"]
[Site "masterchessopen.com Thessaloniki GRE"]
[Date "2017.02.25"]
[Round "3.7"]
[White "Frendzas,P"]
[Black "Tsironis,Alexandros"]
[Result "1-0"]
[WhiteElo "2340"]
[BlackElo "2010"]

1.d4 f5 2.Nc3 d5 3.Bf4 Nf6 4.e3 e6 5.a3 Be7 6.Nb5 Na6 7.c4 O-O 8.Nf3 Ne4 9.Rc1
c6 10.Nc3 Qa5 11.Nd2 Bf6 12.Be2 c5 13.Ndxe4 fxe4 14.dxc5 Bxc3+ 15.Rxc3 Qxc5
16.cxd5 Qxd5 17.O-O Qf5 18.Qd6 b6 19.Rxc8 {#r} 1-0

[Event "3rd Vardaris Open 2017"]
[Site "masterchessopen.com Thessaloniki GRE"]
[Date "2017.02.25"]
[Round "3.8"]
[White "Shpati,Ted"]
[Black "Maksimovic,Br"]
[Result "0-1"]
[WhiteElo "2058"]
[BlackElo "2340"]

1.e4 g6 2.d4 Bg7 3.Nf3 d6 4.Nc3 a6 5.a4 Nf6 6.Bc4 c5 7.O-O cxd4 8.Nxd4 O-O
9.Bb3 Nc6 10.Be3 Ng4 11.Nxc6 bxc6 12.Bg5 h6 13.Bh4 g5 14.Bg3 e5 15.Qd2 Qe7
16.f3 Nf6 17.h3 Nh5 18.Bf2 Nf4 19.Ne2 Rb8 20.Nxf4 exf4 21.Bd4 Be5 22.Rfd1 Be6
23.Bxe6 Qxe6 24.b3 Rfd8 25.Qc3 Kg7 26.Rd2 c5 27.Bxe5+ Qxe5 28.Qxe5+ dxe5
29.Rad1 Rd4 30.Kf2 f5 31.exf5 Kf6 32.Ke2 Kxf5 33.Rd3 Ke6 34.Kd2 a5 35.Ke2 h5
36.Rc3 Kd5 37.Rc4 Re8 38.Rcxd4+ exd4+ 39.Kd2 Re3 40.Rh1 c4 41.bxc4+ Kxc4
42.Rb1 g4 43.fxg4 hxg4 44.Rf1 Rg3 45.Rf2 f3 46.gxf3 gxh3 47.Ke1 Rg2 48.Rxg2
hxg2 49.Kf2 Kc3 50.f4 Kxc2 {#R} 0-1

[Event "3rd Vardaris Open 2017"]
[Site "masterchessopen.com Thessaloniki GRE"]
[Date "2017.02.25"]
[Round "4.3"]
[White "Beliotis,Georgios"]
[Black "Frendzas,P"]
[Result "0-1"]
[WhiteElo "2096"]
[BlackElo "2340"]

1.c4 e5 2.g3 c6 3.Bg2 d5 4.cxd5 cxd5 5.d4 e4 6.Nc3 Nc6 7.Nh3 Bb4 8.O-O Nge7
9.Nf4 O-O 10.a3 Bxc3 11.bxc3 Na5 12.f3 f5 13.Rb1 b6 14.Qa4 Bd7 15.Qb4 Rc8
16.a4 Rc4 17.Qb2 Rxa4 18.Ra1 Rc4 19.Qa2 Rf6 20.Ba3 Be6 21.Bh3 Bf7 22.Ng2 g6
23.Rfc1 Rc7 24.Ne3 Nc4 25.Nxc4 dxc4 26.fxe4 fxe4 27.Bg2 Nd5 28.Qd2 e3 29.Qc2
Be6 30.Qe4 Rcf7 31.Qe5 Qd7 32.Qb8+ Kg7 33.Bd6 Rf2 34.Be5+ Kh6 35.Bf3 Bg4
36.Rf1 Bxf3 37.exf3 Qh3 38.Rxf2 exf2+ 39.Kxf2 Qxh2+ 40.Ke1 Qg1+ 41.Kd2 Qxa1
42.Qd8 Qxc3+ 43.Ke2 Qxf3+ {#R} 0-1

[Event "3rd Vardaris Open 2017"]
[Site "masterchessopen.com Thessaloniki GRE"]
[Date "2017.02.25"]
[Round "4.8"]
[White "Bartel,Mi"]
[Black "Atanasov,Margarit"]
[Result "1-0"]
[WhiteElo "2380"]
[BlackElo "2070"]

1.e4 c5 2.Nf3 Nc6 3.Bb5 g6 4.Nc3 Bg7 5.O-O Nf6 6.e5 Ng4 7.Bxc6 dxc6 8.Re1 Qc7
9.Qe2 Nh6 10.Ne4 b6 11.Nd6+ Kd8 12.Nxc8 Kxc8 13.Qa6+ Qb7 14.Qc4 Qc7 15.d4 cxd4
16.Nxd4 Kb7 17.Bxh6 Bxh6 18.Qxf7 Raf8 19.Qc4 Qd7 20.Ne6 Rf5 21.Rad1 Qc8 22.a4
g5 23.a5 b5 24.Nc5+ Ka8 25.Qe6 Qxe6 26.Nxe6 a6 27.Rd7 g4 28.Nd4 Bd2 29.Nxc6
Bxe1 30.Ra7# 1-0

[Event "BUCA 2017"]
[Site "masterchessopen.com Birmingham ENG"]
[Date "2017.02.25"]
[Round "1.2"]
[White "Starley,Robert"]
[Black "Foo,Be"]
[Result "1-0"]
[WhiteElo "2045"]
[BlackElo "2264"]

1.e4 e5 2.Nf3 Nc6 3.Bc4 Nf6 4.Ng5 d5 5.exd5 Na5 6.Bb5+ c6 7.dxc6 bxc6 8.Be2 h6
9.Nf3 e4 10.Ne5 Bd6 11.Ng4 Nxg4 12.Bxg4 Qg5 13.h3 h5 14.d3 Qg6 15.Bxc8 Qxg2
16.Rf1 Rxc8 17.dxe4 Rd8 18.Qe2 O-O 19.Bd2 Rfe8 20.Nc3 f5 21.O-O-O fxe4 22.Qxh5
Nc4 23.Rg1 Qxf2 24.Rgf1 Re5 25.Qg6 Qb6 26.Qf7+ Kh8 27.Qxc4 e3 28.Be1 Rb8
29.Na4 Qc7 30.Rd4 Be7 31.Rf7 Rbb5 32.Rh4+ Rh5 33.Qg4 Rg5 34.Rxh5+ Kg8 35.Rxg5
Kxf7 36.Rxg7+ Kf8 37.Rg8+ Kf7 38.Qg6# 1-0

[Event "BUCA 2017"]
[Site "masterchessopen.com Birmingham ENG"]
[Date "2017.02.25"]
[Round "1.1"]
[White "Taylor,Adam A"]
[Black "Manole,S"]
[Result "0-1"]
[WhiteElo "2165"]
[BlackElo "2078"]

1.Nf3 d5 2.c4 c6 3.g3 Nf6 4.Bg2 Bf5 5.O-O e6 6.d3 Be7 7.b3 O-O 8.Bb2 Nbd7
9.Nbd2 Qb6 10.e4 Bg6 11.Qe2 dxe4 12.dxe4 Rfd8 13.Rad1 a5 14.h3 a4 15.Nh4 Nc5
16.Nxg6 hxg6 17.Rb1 axb3 18.axb3 Nd3 19.Bc3 Nh5 20.Kh2 Ra2 21.b4 Rc2 22.Ba1
Ndf4 23.gxf4 Rdxd2 24.Qf3 Rxf2 25.Rxf2 Rxf2 26.Qc3 Bf6 27.e5 Nxf4 28.Rb2 Rxb2
29.Qxb2 Bg5 30.c5 Qb5 31.Bf3 Qf1 32.Bg4 Nd3 {#R} 0-1

[Event "BUCA 2017"]
[Site "masterchessopen.com Birmingham ENG"]
[Date "2017.02.25"]
[Round "2.4"]
[White "Foo,Be"]
[Black "Eggink,M"]
[Result "0-1"]
[WhiteElo "2264"]
[BlackElo "2137"]

1.e4 c5 2.Nf3 d6 3.d4 cxd4 4.Qxd4 Nc6 5.Bb5 Bd7 6.Bxc6 Bxc6 7.Nc3 e6 8.Bg5 Nf6
9.O-O-O Be7 10.Rhe1 Qc7 11.Bxf6 Bxf6 12.Qxd6 Qb6 13.Qg3 Bxc3 14.bxc3 O-O
15.Nd4 Rac8 16.Rd3 Bb5 17.Rf3 Bc4 18.e5 Bxa2 19.Qg5 Rfd8 20.Re4 Qb1+ 21.Kd2
Bb3 22.Rd3 h6 23.Qh5 Rxd4 24.Rexd4 Qxc2+ 25.Ke3 Qc1+ 26.Kf3 Bd5+ 27.Kg3 Rxc3
28.h4 Qc2 29.Rxd5 Rxd3+ 30.Rxd3 Qxd3+ 31.Kh2 b5 32.Qg4 a5 33.Qf4 b4 34.Qc1 b3
35.Qc7 b2 36.Qb8+ Kh7 37.Qxb2 a4 38.Qb7 a3 39.Qa7 Qb3 40.f4 a2 41.f5 Qb2
42.Qxf7 Qxe5+ 43.g3 Qe2+ 44.Kh3 Qf1+ 45.Kh2 Qf2+ 46.Kh3 Qxf5+ {#R} 0-1

[Event "BUCA 2017"]
[Site "masterchessopen.com Birmingham ENG"]
[Date "2017.02.25"]
[Round "2.1"]
[White "Kirk,Ez"]
[Black "Manole,S"]
[Result "1-0"]
[WhiteElo "2343"]
[BlackElo "2078"]

1.e4 c6 2.d4 d5 3.e5 Bf5 4.Nf3 e6 5.Be2 Nd7 6.O-O Ne7 7.Nbd2 Nc8 8.Nb3 Be7
9.Bd2 O-O 10.Ne1 h6 11.Nd3 a6 12.a4 Na7 13.Qe1 Rc8 14.Bb4 Re8 15.f4 Bxb4
16.Qxb4 Qb6 17.Qxb6 Nxb6 18.Nbc5 Rc7 19.g4 Bxd3 20.Bxd3 Nd7 21.b4 Nxc5 22.bxc5
Nc8 23.Rab1 h5 24.gxh5 Ne7 25.Kf2 Nf5 26.Bxf5 exf5 27.Rg1 Kh7 28.Rg5 g6
29.Rbg1 Re6 30.a5 {#r} 1-0

[Event "BUCA 2017"]
[Site "masterchessopen.com Birmingham ENG"]
[Date "2017.02.25"]
[Round "2.3"]
[White "Hoare,Amy B"]
[Black "Weller,Pierre"]
[Result "1-0"]
[WhiteElo "2016"]
[BlackElo "2024"]

1.e4 e6 2.d4 d5 3.Nd2 Nf6 4.e5 Nfd7 5.f4 c5 6.Ndf3 Nc6 7.c3 Qb6 8.a3 a5 9.h4
cxd4 10.cxd4 Be7 11.Ne2 O-O 12.Nc3 f6 13.Bd3 h6 14.Bb1 fxe5 15.fxe5 Rxf3
16.Qxf3 Nxd4 17.Qg3 Nxe5 18.Qxe5 Nb3 19.Be3 d4 20.Rf1 dxe3 21.Qe4 Bxh4+
22.Qxh4 Qd6 23.Ne4 Qd4 24.Qh5 Bd7 25.Qf7+ Kh8 26.Qe7 Rg8 27.Rf8 Nxa1 28.Qf7
Nc2+ 29.Bxc2 Rxf8 30.Qxf8+ {#r} 1-0

[Event "BUCA 2017"]
[Site "masterchessopen.com Birmingham ENG"]
[Date "2017.02.25"]
[Round "2.1"]
[White "Singh,Vishnu"]
[Black "Gantner,M"]
[Result "0-1"]
[WhiteElo "2165"]
[BlackElo "2296"]

1.d4 d6 2.c4 e5 3.d5 Be7 4.Nc3 a5 5.Nf3 f5 6.e4 Nf6 7.Bd3 f4 8.c5 Na6 9.Bb5+
Bd7 10.cxd6 cxd6 11.Bxa6 Rxa6 12.Qd3 a4 13.a3 O-O 14.Bd2 Qb6 15.O-O h6 16.Rfb1
g5 17.Be1 Be8 18.Nd2 Nd7 19.b4 Nf6 20.Nc4 Qd8 21.Ra2 g4 22.Rc2 Ra8 23.Na5 Qd7
24.Rbc1 Bd8 25.Nd1 h5 26.Kh1 Rf7 27.Nb2 Nh7 28.Rc4 Ng5 29.Nd1 h4 30.f3 h3
31.gxh3 Nxf3 32.Bf2 Rg7 33.R4c2 Bh5 34.hxg4 Qxg4 35.Qf1 Nd2 {#R} 0-1

[Event "BUCA 2017"]
[Site "masterchessopen.com Birmingham ENG"]
[Date "2017.02.25"]
[Round "3.1"]
[White "Samolins,V"]
[Black "Kirk,Ez"]
[Result "1-0"]
[WhiteElo "2402"]
[BlackElo "2343"]

1.e4 c5 2.c3 d6 3.d4 Nf6 4.dxc5 Nc6 5.f3 dxc5 6.Qxd8+ Nxd8 7.Be3 e5 8.a4 Be7
9.a5 O-O 10.Nd2 Be6 11.Bc4 Nc6 12.Bxe6 fxe6 13.Nh3 Nh5 14.g3 h6 15.Ke2 g5
16.Nc4 Rac8 17.Nf2 Nd4+ 18.cxd4 cxd4 19.Rhc1 dxe3 20.Nd3 Bc5 21.Nxc5 Rxc5
22.Nd6 Rc6 23.Rxc6 bxc6 24.a6 g4 25.fxg4 Nf6 26.h4 Rb8 27.Nb7 Nxe4 28.Rd1 Nf6
29.Rd8+ Rxd8 30.Nxd8 c5 31.Nc6 Nd5 32.Nxa7 Nb4 33.Kxe3 Kf7 34.b3 Nxa6 35.Nc6
Nc7 36.Nxe5+ Ke7 37.Kd3 Nb5 38.Kc4 Nd6+ 39.Kxc5 Ne4+ 40.Kc6 Nxg3 {#r} 1-0

[Event "BUCA 2017"]
[Site "masterchessopen.com Birmingham ENG"]
[Date "2017.02.25"]
[Round "3.4"]
[White "Payne,Matthew J"]
[Black "Eggink,M"]
[Result "1-0"]
[WhiteElo "2100"]
[BlackElo "2137"]

1.e4 c5 2.Nc3 Nc6 3.Bb5 Nd4 4.Bc4 d6 5.Nge2 Nxe2 6.Qxe2 e6 7.f4 Nf6 8.d3 Be7
9.O-O O-O 10.e5 Ne8 11.Bb3 Kh8 12.Ne4 d5 13.Ng5 g6 14.Rf3 h6 15.Rh3 Kg7 16.Nf3
Rh8 17.c3 Kg8 18.d4 Ng7 19.Bc2 Bd7 20.Qf2 Rc8 21.g4 b5 22.Be3 b4 23.Qd2 Qb6
24.Kh1 a5 25.Rg1 a4 26.Nh4 bxc3 27.bxc3 cxd4 28.Bxd4 Qd8 29.Qf2 g5 30.f5 exf5
31.gxf5 gxh4 32.f6 Bxh3 33.Rxg7+ Kf8 34.Rxf7+ Kxf7 35.fxe7+ Kxe7 36.Qf6+ {#r}
1-0

[Event "BUCA 2017"]
[Site "masterchessopen.com Birmingham ENG"]
[Date "2017.02.25"]
[Round "3.1"]
[White "Manole,S"]
[Black "Dong Bao Nghia"]
[Result "0-1"]
[WhiteElo "2078"]
[BlackElo "2103"]

1.e4 e6 2.d4 d5 3.Nd2 Nf6 4.e5 Nfd7 5.Bd3 c5 6.c3 Nc6 7.Ne2 f6 8.Nf4 Qe7
9.Qh5+ Qf7 10.Qxf7+ Kxf7 11.exf6 cxd4 12.Nf3 gxf6 13.cxd4 Bd6 14.g4 Bxf4
15.Bxf4 e5 16.dxe5 Ndxe5 17.Bxe5 fxe5 18.Ng5+ Kg7 19.f4 e4 20.Be2 h6 21.Nh3
Nd4 22.f5 Nc2+ 23.Kd2 Nxa1 24.Nf4 Rd8 25.Rxa1 Kf6 26.Rc1 d4 27.Nh5+ Ke5 28.Rc7
d3 29.Bd1 Rd7 30.Rc4 b5 31.Rc6 Kd4 32.Nf4 e3+ 33.Ke1 Bb7 34.Rc3 Be4 35.Bb3 Ke5
{#R} 0-1

[Event "Kragero Resort Chess 2017"]
[Site "masterchessopen.com Kragero NOR"]
[Date "2017.02.25"]
[Round "7.4"]
[White "Chatalbashev,B"]
[Black "Holm,Kristian Stuvik"]
[Result "1-0"]
[WhiteElo "2550"]
[BlackElo "2398"]

1.d4 Nf6 2.c4 e6 3.Nc3 Bb4 4.Nf3 O-O 5.Bg5 c5 6.e3 cxd4 7.exd4 d5 8.Bd3 dxc4
9.Bxc4 b6 10.O-O Bb7 11.Rc1 Nbd7 12.Qd3 Rc8 13.Ba6 Bxa6 14.Qxa6 Bxc3 15.bxc3
Qc7 16.c4 Ne4 17.Bh4 Rfe8 18.Rfe1 Nd6 19.Bg3 Qb7 20.Qxb7 Nxb7 21.Nd2 Nf6 22.f3
Rc6 23.Rc3 Rec8 24.Ra3 Nd6 25.d5 exd5 26.cxd5 Nxd5 27.Rd3 Nb4 28.Rxd6 Rxd6
29.Bxd6 Nxa2 30.Re7 Nc3 31.Rxa7 {#r} 1-0

[Event "Kragero Resort Chess 2017"]
[Site "masterchessopen.com Kragero NOR"]
[Date "2017.02.25"]
[Round "7.6"]
[White "Royset,P"]
[Black "Tryggestad,Andreas Garberg"]
[Result "0-1"]
[WhiteElo "2166"]
[BlackElo "2316"]

1.e4 c5 2.Nc3 e6 3.g3 Nc6 4.Bg2 a6 5.Nge2 b5 6.O-O Bb7 7.d4 cxd4 8.Nxd4 Qc7
9.Be3 Nf6 10.Qe2 Be7 11.Rad1 O-O 12.Nb3 Ne5 13.f4 Nc4 14.Bc1 d6 15.g4 b4
16.Nb1 d5 17.e5 Ne4 18.Nd4 a5 19.Rfe1 Rfc8 20.b3 Nb6 21.Be3 Ba6 22.Nb5 Qxc2
23.Qxc2 Rxc2 24.Bxe4 dxe4 25.Nd4 Rxa2 26.Nc6 Nd5 27.Rxd5 Bh4 28.Rd2 Rxd2
29.Bxd2 Bxe1 30.Bxe1 e3 31.Nc3 bxc3 32.Bxc3 Bb7 33.Nxa5 Bd5 34.Be1 Rc8 35.Kf1
Rc2 36.h4 Rh2 37.Nc4 e2+ 38.Kg1 Rg2+ {#R} 0-1

[Event "8th Pfalz Open 2017"]
[Site "masterchessopen.com Neustadt an der Weinstrasse GER"]
[Date "2017.02.25"]
[Round "2.2"]
[White "Baklan,V"]
[Black "Gschnitzer,Adrian"]
[Result "1-0"]
[WhiteElo "2609"]
[BlackElo "2242"]

1.e4 c5 2.Nf3 Nc6 3.Bb5 g6 4.O-O Bg7 5.Re1 Nf6 6.Bxc6 bxc6 7.e5 Nd5 8.c4 Nc7
9.b3 O-O 10.Bb2 f6 11.exf6 Bxf6 12.Bxf6 Rxf6 13.d4 cxd4 14.Qxd4 Ne6 15.Qe3 Qb6
16.Nc3 d6 17.Ne4 Rf5 18.Qh6 Rh5 19.Qd2 Rf5 20.Rad1 Qc7 21.Qh6 c5 22.Nfg5 Nf8
23.Re3 Bb7 24.Nxh7 Rh5 25.Nhf6+ exf6 26.Nxf6+ Kf7 27.Nxh5 gxh5 28.Rxd6 {#r}
1-0

[Event "8th Pfalz Open 2017"]
[Site "masterchessopen.com Neustadt an der Weinstrasse GER"]
[Date "2017.02.25"]
[Round "2.4"]
[White "Maddens,M"]
[Black "Huschenbeth,N"]
[Result "0-1"]
[WhiteElo "2238"]
[BlackElo "2581"]

1.e4 c5 2.Nf3 d6 3.d4 cxd4 4.Nxd4 Nf6 5.Nc3 a6 6.Bg5 e6 7.Qe2 Be7 8.h4 b5 9.a3
Bb7 10.O-O-O Nbd7 11.Nb3 Rc8 12.Rh3 h6 13.Bxf6 Bxf6 14.Rxd6 Qe7 15.Qd2 Be5
16.Rdd3 Nb6 17.f4 Nc4 18.Qf2 Bc7 19.Kb1 Qf6 20.Qd4 Qxd4 21.Rxd4 Bb6 22.Rdd3
Ke7 23.g4 g5 24.hxg5 hxg5 25.fxg5 Ne5 26.Rxh8 Rxh8 27.Rh3 Rg8 28.Be2 Rxg5
29.Rh5 Kf6 30.Kc1 Nxg4 31.Rxg5 Kxg5 32.Bxg4 Kxg4 33.Kd2 f5 34.exf5 exf5 35.Nc1
f4 36.Nd3 f3 37.Nd1 Kg3 38.Ke1 Be4 39.Kf1 Bf5 40.b3 Bh3+ 41.Ke1 Bf5 42.Kf1
Bxd3+ 43.cxd3 Bd4 44.a4 bxa4 45.bxa4 a5 46.Ke1 Kg2 47.Kd2 Kf1 48.Kc2 Ke2 {#R}
0-1

[Event "8th Pfalz Open 2017"]
[Site "masterchessopen.com Neustadt an der Weinstrasse GER"]
[Date "2017.02.25"]
[Round "2.5"]
[White "Deac,Bogdan-Daniel"]
[Black "Jacob,V"]
[Result "1-0"]
[WhiteElo "2572"]
[BlackElo "2238"]

1.d4 c5 2.d5 d6 3.e4 g6 4.Bb5+ Nd7 5.a4 Bg7 6.Nf3 Nf6 7.Nc3 O-O 8.a5 Ne8 9.O-O
Nc7 10.Bd3 Nf6 11.Bf4 Bg4 12.h3 Bxf3 13.Qxf3 Qd7 14.Ra3 b5 15.axb6 axb6
16.Rfa1 Rxa3 17.Rxa3 b5 18.Ra7 c4 19.Bf1 Rb8 20.b3 Nh5 21.Bd2 Bd4 22.Ra2 cxb3
23.cxb3 b4 24.Ne2 Bc5 25.Nc1 Nb5 26.Nd3 Nd4 27.Qd1 Nf6 28.Nxc5 dxc5 29.f3 Ne8
30.Be3 e5 31.dxe6 Qxe6 32.Bc4 Qf6 33.Bxd4 cxd4 34.Rd2 Nd6 35.Bf1 Nb5 36.Bxb5
Rxb5 37.Rxd4 Rb8 38.Qd2 Qb6 39.Kh2 Qc7+ 40.f4 Qb6 41.e5 Qc5 42.Rd7 {#r} 1-0

[Event "8th Pfalz Open 2017"]
[Site "masterchessopen.com Neustadt an der Weinstrasse GER"]
[Date "2017.02.25"]
[Round "2.7"]
[White "Solodovnichenko,Y"]
[Black "Spitzl,Vinzent"]
[Result "1-0"]
[WhiteElo "2569"]
[BlackElo "2210"]

1.e4 c5 2.Nf3 d6 3.d4 cxd4 4.Nxd4 Nf6 5.Nc3 a6 6.Be3 e5 7.Nb3 Be6 8.Qd2 Nbd7
9.O-O-O b5 10.f4 Be7 11.h3 Rc8 12.Kb1 h5 13.Bd3 Qc7 14.Rhf1 Nb6 15.Bxb6 Qxb6
16.Nd5 Bxd5 17.exd5 e4 18.Be2 Nd7 19.Rde1 Bh4 20.Rd1 Bf6 21.Qb4 Qe3 22.Rfe1
Bh4 23.Bxb5 Bxe1 24.Rxe1 Qxe1+ 25.Qxe1 axb5 26.Qxe4+ Kd8 27.Qb4 Rc4 28.Qxb5
Rxf4 29.a4 Ke7 30.Na5 Nc5 31.Nc6+ Kf6 32.b4 Ne4 33.Qd3 Re8 34.a5 Rf2 35.a6 Rd2
36.Qf3+ Kg6 37.a7 Rxd5 38.Kb2 {#r} 1-0

[Event "8th Pfalz Open 2017"]
[Site "masterchessopen.com Neustadt an der Weinstrasse GER"]
[Date "2017.02.25"]
[Round "2.10"]
[White "Dann,M"]
[Black "Zuferi,E"]
[Result "1-0"]
[WhiteElo "2488"]
[BlackElo "2197"]

1.e4 c5 2.Nf3 d6 3.d4 Nf6 4.dxc5 Nxe4 5.cxd6 Nc6 6.Be3 Nxd6 7.Nc3 g6 8.Nb5 Bg7
9.Nxd6+ exd6 10.c3 O-O 11.Be2 a5 12.O-O a4 13.Qd2 Re8 14.Rfd1 Be6 15.Ng5 Bf5
16.Bc4 Ne5 17.Bd5 Qc7 18.Bd4 Re7 19.h3 h6 20.Nf3 Be6 21.Nxe5 dxe5 22.Be3 Bxd5
23.Qxd5 a3 24.bxa3 Qxc3 25.Rac1 Qa5 26.Qb3 Rd8 27.Qb4 Rxd1+ 28.Rxd1 Qxb4
29.axb4 f5 30.a4 Rc7 31.a5 Bf8 32.b5 f4 33.Bb6 Rc8 34.a6 bxa6 35.bxa6 Kf7
36.a7 Be7 37.f3 Ke6 38.Kf1 g5 39.Ke2 h5 40.Rc1 Ra8 41.Kd3 Kf5 42.Rc7 Bd8
43.Rf7+ Ke6 44.Rf8 {#r} 1-0

[Event "8th Pfalz Open 2017"]
[Site "masterchessopen.com Neustadt an der Weinstrasse GER"]
[Date "2017.02.25"]
[Round "2.11"]
[White "Schlenker,Joe"]
[Black "Pap,M"]
[Result "0-1"]
[WhiteElo "2194"]
[BlackElo "2482"]

1.d4 Nf6 2.Nc3 d5 3.Bg5 Nbd7 4.Qd3 c5 5.O-O-O c4 6.Qf3 Qa5 7.g4 e6 8.Bd2 b5
9.Nxd5 Qxa2 10.Nc3 Qa1+ 11.Nb1 Rb8 12.e4 Bb7 13.Re1 Nb6 14.g5 Na4 15.gxf6
Qxb2+ 16.Kd1 Qxb1+ 17.Bc1 Rd8 18.fxg7 Bxg7 {#R} 0-1

[Event "8th Pfalz Open 2017"]
[Site "masterchessopen.com Neustadt an der Weinstrasse GER"]
[Date "2017.02.25"]
[Round "2.12"]
[White "Shevchenko,Kirill"]
[Black "Trifan,Andrei Ioan"]
[Result "1-0"]
[WhiteElo "2453"]
[BlackElo "2191"]

1.e4 e5 2.Nf3 Nc6 3.Bb5 a6 4.Ba4 Nf6 5.O-O Be7 6.Re1 b5 7.Bb3 d6 8.a4 Bd7 9.c3
Na5 10.Bc2 c5 11.d4 Nc6 12.d5 Na5 13.Nbd2 b4 14.cxb4 cxb4 15.h3 O-O 16.Bd3 h6
17.Nb3 Nh7 18.Nxa5 Qxa5 19.Qb3 Ng5 20.Nd2 Qc5 21.Nc4 Rab8 22.Be3 Qc8 23.Nb6
Qd8 24.a5 f5 25.Nxd7 Qxd7 26.exf5 Rf6 27.Ra4 g6 28.Rxb4 Rxb4 29.Qxb4 gxf5
30.Bxg5 hxg5 31.Bxa6 g4 32.Rc1 gxh3 33.Qb7 Qe8 34.Rc8 Bd8 35.Bb5 Qf8 36.Qd7
h2+ 37.Kh1 Qh6 38.Qxd8+ {#r} 1-0

[Event "8th Pfalz Open 2017"]
[Site "masterchessopen.com Neustadt an der Weinstrasse GER"]
[Date "2017.02.25"]
[Round "2.13"]
[White "Jansen,Dirk Norbert"]
[Black "Feuerstack,A"]
[Result "0-1"]
[WhiteElo "2183"]
[BlackElo "2449"]

1.e4 c5 2.Nf3 e6 3.d4 cxd4 4.Nxd4 Nf6 5.Nc3 Nc6 6.Ndb5 Bc5 7.Bf4 O-O 8.Bd6 Qb6
9.Bxc5 Qxc5 10.Qd6 Qb6 11.a4 a6 12.a5 Qd8 13.Nc7 Rb8 14.Bd3 b5 15.axb6 Rxb6
16.b3 Ne8 17.Nxe8 Rxe8 18.Na4 Rb4 19.O-O Rd4 20.Qg3 Nb4 21.Qe3 e5 22.f4 d6
23.Rad1 d5 24.fxe5 dxe4 25.Be2 Nc6 26.Qf2 Re7 27.Nc5 Qd5 28.Bc4 Qxc5 29.Bxf7+
Kh8 30.b4 Qa7 31.Bd5 Rxd1 {#R} 0-1

[Event "8th Pfalz Open 2017"]
[Site "masterchessopen.com Neustadt an der Weinstrasse GER"]
[Date "2017.02.25"]
[Round "2.14"]
[White "Ostrovskiy,And"]
[Black "Walter,T"]
[Result "1-0"]
[WhiteElo "2444"]
[BlackElo "2182"]

1.e4 e6 2.d4 d5 3.Nc3 Bb4 4.e5 c5 5.a3 Bxc3+ 6.bxc3 Ne7 7.a4 Qc7 8.Nf3 h6 9.h4
h5 10.Be2 b6 11.Bb5+ Bd7 12.Bd3 Nbc6 13.O-O c4 14.Be2 f6 15.Bf4 O-O-O 16.a5
Nxa5 17.exf6 Qxf4 18.fxe7 Rdg8 19.g3 Qf6 20.Ng5 g6 21.Re1 Rg7 22.Qb1 Rxe7
23.Qb4 e5 24.Rxa5 bxa5 25.Qc5+ Bc6 26.Bxc4 dxc4 27.d5 Rd8 28.dxc6 Rc7 29.Qxa5
Qxc6 30.Qxe5 Rd5 31.Qh8+ Kb7 32.Nf3 Rc8 33.Qh6 Re8 34.Rb1+ Ka8 35.Nd4 Rxd4
36.cxd4 Qe4 37.Qg7 Rb8 38.Ra1 Rb7 39.Qg8+ Rb8 40.Qxc4 Rd8 41.Qc7 {#r} 1-0